000
00216 a2200109 4500
020
_a
9789992479285
041
_a
spa
100
_a
incer barquero, jaime
245
_a
estudios sociales 3
942
_c
BK
952
_7
1
999
_c
18244
_d
18244